Normal view MARC view

Entry Personal Name

Number of records used in: 1

001 - CONTROL NUMBER

  • control field: 42859

003 - CONTROL NUMBER IDENTIFIER

  • control field: dpl

005 - DATE AND TIME OF LATEST TRANSACTION

  • control field: 20120223144310.0

008 - FIXED-LENGTH DATA ELEMENTS

  • fixed length control field: 120223|||a|||||| | ||| d

040 ## - CATALOGING SOURCE

  • Original cataloging agency: dpl
  • Transcribing agency: dpl

100 ## - HEADING--PERSONAL NAME

  • Personal name: Gokhale, Namita

670 ## - SOURCE DATA FOUND

  • Source citation: Work cat.: (dpl)63257: Gokhale, Namita, The puffin Mahabharata /, 2009

670 ## - SOURCE DATA FOUND

  • Source citation: Work cat.: (dpl)63257: Gokhale, Namita, The puffin Mahabharata /, 2009

© Delhi Public Library
Hit Counter
free hit counter